000 00420nam a2200181Ia 4500
001 4669
005 20260306145812.0
008 260306t2004||||xx |||||||||||||| ||spa||
041 _aESP
082 _a330
_bM22A 2004
100 _aMankiw, N. Gregory
_eAUT
245 0 _aPrincipios de economía
260 _c2004
300 _a535 páginas :
_c27 cm.
650 _aGEN
654 _aCAN
942 _cLIB
_dJUS
_fJUS
_2ddc
_n
999 _c4669
_d4669